|
|
|
|
| LEADER |
01891nam a22003733i 4500 |
| 001 |
EBC6188805 |
| 003 |
MiAaPQ |
| 005 |
20240729202203.0 |
| 006 |
m o d | |
| 007 |
cr cnu|||||||| |
| 008 |
240729s2020 xx o ||||0 eng d |
| 020 |
|
|
|a 9789179298685
|q (electronic bk.)
|
| 035 |
|
|
|a (MiAaPQ)EBC6188805
|
| 035 |
|
|
|a (Au-PeEL)EBL6188805
|
| 035 |
|
|
|a (OCoLC)1160890147
|
| 040 |
|
|
|a MiAaPQ
|b eng
|e rda
|e pn
|c MiAaPQ
|d MiAaPQ
|
| 100 |
1 |
|
|a Holm Kvist, Malva.
|
| 245 |
1 |
0 |
|a Responses to Children's Crying :
|b Emotion Socialization in a Swedish Preschool.
|
| 250 |
|
|
|a 1st ed.
|
| 264 |
|
1 |
|a Linköping :
|b Linkopings Universitet,
|c 2020.
|
| 264 |
|
4 |
|c {copy}2020.
|
| 300 |
|
|
|a 1 online resource (73 pages)
|
| 336 |
|
|
|a text
|b txt
|2 rdacontent
|
| 337 |
|
|
|a computer
|b c
|2 rdamedia
|
| 338 |
|
|
|a online resource
|b cr
|2 rdacarrier
|
| 490 |
1 |
|
|a Linköping Studies in Arts and Sciences Series ;
|v v.786
|
| 505 |
0 |
|
|a Intro -- Acknowledgements -- Contents -- PART I -- 1 Introduction -- 2 Theoretical perspectives -- 3 Research on children's negative emotions and socialization in caregiver-child interactions -- 4 Compassion and empathy in preschool settings -- 5 Method -- 6 Summaries of studies -- 7 Concluding discussion -- References -- PART II.
|
| 588 |
|
|
|a Description based on publisher supplied metadata and other sources.
|
| 590 |
|
|
|a Electronic reproduction. Ann Arbor, Michigan : ProQuest Ebook Central, 2024. Available via World Wide Web. Access may be limited to ProQuest Ebook Central affiliated libraries.
|
| 655 |
|
4 |
|a Electronic books.
|
| 776 |
0 |
8 |
|i Print version:
|a Holm Kvist, Malva
|t Responses to Children's Crying
|d Linköping : Linkopings Universitet,c2020
|
| 797 |
2 |
|
|a ProQuest (Firm)
|
| 830 |
|
0 |
|a Linköping Studies in Arts and Sciences Series
|
| 856 |
4 |
0 |
|u https://ebookcentral.proquest.com/lib/matrademy/detail.action?docID=6188805
|z Click to View
|